| 000 | 00872cam a22002294a 4500 | ||
|---|---|---|---|
| 005 | 20250605163956.0 | ||
| 008 | 250528s ||||||||||||||||||||||||d | ||
| 035 | _a15488 | ||
| 020 | _a77093003 | ||
| 040 |
_aGR-AtMCL _bgre _dGR-AtMCL _eAACR2 |
||
| 245 | 1 | _aThe Learning Company / A Strategy for Sustainable Development | |
| 250 | _a2nd | ||
| 260 |
_bMcgraw Hill Book Company, _c1996 |
||
| 300 | _a246 | ||
| 520 | _aThis book provides a framework to help you diagnose your company and transform it into a learning company. The Idea - Of the Learning Company, Diagnosis - How Do You Measure up as a Learning Company, Action - Creating The Learning Company, Reflections - Further Thoughts and Directions. | ||
| 700 | 1 |
_aBoydell Tom _91420 |
|
| 700 | 1 |
_aBurgoyne John _91421 |
|
| 700 | 1 |
_aPedler Mike _91422 |
|
| 942 | _cBK | ||
| 999 |
_c1067 _d1067 |
||